[Event "Benidorm Bali op-B 20th"]
[Site "Benidorm"]
[Date "2023.12.03"]
[Round "3"]
[White "Conde Chamizo, Pablo"]
[Black "Fabre Massana, Miquel"]
[Result "1/2-1/2"]
[WhiteElo "1869"]
[BlackElo "1982"]
[PlyCount "95"]
[EventDate "2023.12.01"]
[EventType "swiss"]
[EventRounds "9"]
[EventCountry "ESP"]
[SourceTitle "CB51_2023"]
[SourceDate "2023.12.20"]
[SourceVersion "1"]
[SourceVersionDate "2023.12.20"]
[SourceQuality "1"]

1. c4 c6 2. d4 d5 3. Nc3 e6 4. Bf4 dxc4 5. e4 b5 6. Nf3 Nf6 7. Qc2 Bb7 8. Be2 Be7 9. h4 Nbd7 10. Rd1 Qa5 11. Kf1 Rd8 12. e5 Nd5 13. Nxd5 cxd5 14. Ng5 Nf8 15. Rh3 Rc8 16. Bg4 b4 17. Rf3 Bxg5 18. Bxg5 Bc6 19. Qc1 Qc7 20. Qf4 Ng6 21. Qd2 c3 22. bxc3 bxc3 23. Qc2 0-0 24. Rc1 Rfe8 25. Kg1 Bb5 26. Rxc3 Qxc3 27. Qxc3 Rxc3 28. Rxc3 h6 29. h5 Nxe5 30. dxe5 hxg5 31. Rc7 a6 32. Kh2 Rd8 33. Kg3 d4 34. Bd1 d3 35. a4 Be8 36. Kf3 Rb8 37. Ke3 Rb1 38. Rc8 Kf8 39. Bf3 Ke7 40. Rc7+ Kd8 41. Ra7 Ra1 42. Rxa6 Rxa4 43. Rd6+ Ke7 44. Rxd3 f6 45. Rb3 Rh4 46. Rb7+ Kf8 47. Rb8 Ke7 48. Rb7+ 1/2-1/2

[Event "La Pobla de Lillet op-A"]
[Site "La Pobla de Lillet"]
[Date "2022.08.02"]
[Round "1"]
[White "Fabre Massana, Miquel"]
[Black "Moskalenko, Viktor"]
[Result "0-1"]
[WhiteElo "1998"]
[BlackElo "2452"]
[PlyCount "80"]
[EventDate "2022.08.02"]
[EventType "swiss"]
[EventRounds "9"]
[EventCountry "ESP"]
[SourceTitle "CBM 209 Extra"]
[Source "ChessBase"]
[SourceDate "2022.09.30"]
[SourceVersion "1"]
[SourceVersionDate "2022.09.30"]
[SourceQuality "1"]

1. e4 d6 2. d4 Nf6 3. Nc3 g6 4. Nf3 Bg7 5. Bc4 c6 6. a4 d5 7. exd5 cxd5 8. Bb5+ Bd7 9. 0-0 a6 10. Bxd7+ Nbxd7 11. Bf4 0-0 12. Re1 e6 13. Qd2 Rc8 14. Ne5 Nh5 15. Bh6 Nxe5 16. dxe5 Bxh6 17. Qxh6 Rc4 18. Rad1 Qe7 19. Rd3 Rfc8 20. Rh3 Rh4 21. Rxh4 Qxh4 22. g3 Qb4 23. Qc1 Ng7 24. Rd1 Nf5 25. Ne2 Qxa4 26. c3 Qe4 27. Re1 Qxe5 28. Nd4 Qf6 29. Qf4 Kg7 30. Nxf5+ Qxf5 31. Qd6 Qf6 32. Qb6 Rb8 33. Qa7 Qd8 34. h4 h5 35. Qd4+ Kg8 36. Qf4 Rc8 37. Rd1 b5 38. Kg2 a5 39. Qd4 Rc4 40. Qd2 Qe7 0-1

[Event "Vic Primavera op 1st"]
[Site "Vic"]
[Date "2022.05.20"]
[Round "5"]
[White "Urena Casacuberta, Lluis"]
[Black "Fabre Massana, Miquel"]
[Result "1/2-1/2"]
[WhiteElo "1901"]
[BlackElo "2018"]
[PlyCount "30"]
[EventDate "2022.04.22"]
[EventType "swiss"]
[EventRounds "8"]
[EventCountry "ESP"]
[SourceTitle "EXT 2023"]
[Source "ChessBase"]
[SourceDate "2022.10.05"]
[SourceVersion "1"]
[SourceVersionDate "2022.10.05"]
[SourceQuality "1"]

1. e4 e5 2. Nf3 d6 3. d4 exd4 4. Qxd4 Nc6 5. Bb5 Bd7 6. Bxc6 Bxc6 7. 0-0 Nf6 8. e5 dxe5 9. Qxe5+ Qe7 10. Re1 0-0-0 11. Qxe7 Bxe7 12. Rxe7 Bxf3 13. Nc3 Nd5 14. Nxd5 Bxd5 15. Bf4 Rd7 1/2-1/2

[Event "Vic Primavera op 1st"]
[Site "Vic"]
[Date "2022.05.13"]
[Round "4"]
[White "Fabre Massana, Miquel"]
[Black "Costa Trave, Jaume"]
[Result "0-1"]
[WhiteElo "2018"]
[BlackElo "1700"]
[PlyCount "126"]
[EventDate "2022.04.22"]
[EventType "swiss"]
[EventRounds "8"]
[EventCountry "ESP"]
[SourceTitle "EXT 2023"]
[Source "ChessBase"]
[SourceDate "2022.10.05"]
[SourceVersion "1"]
[SourceVersionDate "2022.10.05"]
[SourceQuality "1"]

1. e4 e6 2. d4 d5 3. Nd2 c5 4. exd5 Qxd5 5. Ngf3 cxd4 6. Bc4 Qd6 7. 0-0 Nc6 8. Nb3 e5 9. Re1 Be7 10. Qe2 f6 11. c3 dxc3 12. bxc3 Be6 13. Bxe6 Qxe6 14. Nfd4 Qd7 15. Nb5 a6 16. Rd1 Qc8 17. Nd6+ Bxd6 18. Rxd6 Nge7 19. Qh5+ Ng6 20. Rd3 Nce7 21. Ba3 0-0 22. Rh3 Kf7 23. Bxe7 Kxe7 24. Rg3 Rh8 25. Rd1 b6 26. Rd2 Ra7 27. h4 Kf7 28. Rgd3 a5 29. a4 Qc6 30. Qg4 Re8 31. h5 Nf4 32. Rd7+ Re7 33. R7d6 Qxa4 34. Rxb6 Qe4 35. h6 g6 36. Kh2 f5 37. Qg5 Ne6 38. Qg3 Qf4 39. Qxf4 exf4 40. Nd4 a4 41. Ra2 Nxd4 42. cxd4 a3 43. Rb3 Red7 44. Rbxa3 Rxa3 45. Rxa3 g5 46. Rd3 Rd5 47. g3 fxg3+ 48. Kxg3 Kg6 49. Kf3 Kxh6 50. Ke3 Kg6 51. Rc3 Rd6 52. Rc8 g4 53. Kd3 h5 54. Kc4 Ra6 55. d5 Ra2 56. Rg8+ Kh7 57. Rg5 Rxf2 58. d6 Kh6 59. Rg8 Rd2 60. Kc5 f4 61. Kc6 f3 62. d7 f2 63. Rf8 g3 0-1

[Event "Moia op 8th"]
[Site "Moia"]
[Date "2019.11.15"]
[Round "7.1"]
[White "Urena Casacuberta, Lluis"]
[Black "Fabre Massana, Miquel"]
[Result "1/2-1/2"]
[WhiteElo "1922"]
[BlackElo "1967"]
[PlyCount "123"]
[EventDate "2019.09.20"]
[EventType "swiss"]
[EventRounds "8"]
[EventCountry "ESP"]
[SourceTitle "EXT 2024"]
[Source "ChessBase"]
[SourceDate "2023.10.10"]
[SourceVersion "1"]
[SourceVersionDate "2023.10.10"]
[SourceQuality "1"]

1. e4 c5 2. Nf3 d6 3. d4 cxd4 4. Nxd4 Nf6 5. Nc3 Nc6 6. Bg5 e6 7. Qd2 a6 8. 0-0-0 Bd7 9. f3 b5 10. h4 h6 11. Be3 Ne5 12. g4 Be7 13. h5 b4 14. Nce2 Nc4 15. Qd3 Nxe3 16. Qxe3 Qa5 17. Kb1 Bb5 18. Nc1 Bxf1 19. Rhxf1 Rc8 20. Ncb3 Qe5 21. Qd3 0-0 22. Qxa6 d5 23. Nc6 Qc7 24. Nxe7+ Qxe7 25. e5 Nd7 26. Qd6 Qxd6 27. exd6 Rc6 28. Rd4 Rb8 29. Rc1 Rxd6 30. c4 bxc3 31. Rxc3 Rdb6 32. f4 Nf6 33. Rg3 Ne4 34. Rg2 f6 35. Rc2 Nd6 36. Nc5 Rc8 37. Nxe6 Rxc2 38. Kxc2 Nc4 39. f5 Rxb2+ 40. Kc3 Rxa2 41. Rxd5 Ne5 42. Rd8+ Kf7 43. Rf8+ Ke7 44. Rg8 Rg2 45. Rxg7+ Kd6 46. Nc7 Rxg4 47. Ne8+ Kc6 48. Rc7+ Kb6 49. Rh7 Kc5 50. Nxf6 Rg3+ 51. Kc2 Rg2+ 52. Kd1 Kd4 53. Rh8 Rf2 54. Rd8+ Kc4 55. Nd5 Ng4 56. Ne7 Nf6 57. Rd6 Nxh5 58. Rxh6 Ng7 59. f6 Ne8 60. Ng8 Kd3 61. Ke1 Rf4 62. Rh3+ 1/2-1/2

[Event "Moia op 8th"]
[Site "Moia"]
[Date "2019.11.01"]
[Round "5.1"]
[White "Fumanal Villagrasa, Kevin"]
[Black "Fabre Massana, Miquel"]
[Result "0-1"]
[WhiteElo "1787"]
[BlackElo "1967"]
[PlyCount "32"]
[EventDate "2019.09.20"]
[EventType "swiss"]
[EventRounds "8"]
[EventCountry "ESP"]
[SourceTitle "EXT 2024"]
[Source "ChessBase"]
[SourceDate "2023.10.10"]
[SourceVersion "1"]
[SourceVersionDate "2023.10.10"]
[SourceQuality "1"]

1. Nf3 d5 2. c4 c6 3. b3 Bf5 4. Bb2 e6 5. g3 Nf6 6. Bg2 Be7 7. 0-0 h6 8. d3 Nbd7 9. Nbd2 0-0 10. Re1 Bh7 11. d4 Ne4 12. Nxe4 Bxe4 13. Nd2 Bxg2 14. Kxg2 f5 15. f3 Bb4 16. c5 Qa5 0-1

[Event "La Pobla de Lillet op-A 29th"]
[Site "La Pobla de Lillet"]
[Date "2019.08.10"]
[Round "9"]
[White "Fabre Massana, Miquel"]
[Black "Pastor Alonso de Prado, Emilio Alberto"]
[Result "0-1"]
[WhiteElo "1983"]
[BlackElo "2032"]
[PlyCount "80"]
[EventDate "2019.08.02"]
[EventType "swiss"]
[EventRounds "9"]
[EventCountry "ESP"]
[SourceTitle "EXT 2022"]
[Source "ChessBase"]
[SourceDate "2021.10.06"]
[SourceVersion "1"]
[SourceVersionDate "2021.10.06"]
[SourceQuality "1"]

1. e4 e5 2. Nf3 Nc6 3. Bc4 Be7 4. c3 Nf6 5. d3 0-0 6. Bb3 d6 7. 0-0 Na5 8. Bc2 c5 9. Re1 h6 10. Nbd2 Nc6 11. Nf1 Re8 12. h3 Qc7 13. Ne3 Bf8 14. Nh4 g6 15. Qf3 Bg7 16. Bb3 Be6 17. Nd5 Qd8 18. g3 Bxd5 19. exd5 Nb8 20. Ng2 Nbd7 21. Bd2 b5 22. Rad1 Qc7 23. c4 e4 24. dxe4 Ne5 25. Qe2 Nxc4 26. Bxc4 Rxe4 27. Qf3 Rxc4 28. Bxh6 Bxh6 29. Qxf6 Bg7 30. Qg5 Qd8 31. Qd2 Rb4 32. b3 Qd7 33. Kh2 a5 34. Re2 a4 35. Rde1 axb3 36. axb3 Rxb3 37. Qf4 Rb2 38. Nh4 Raa2 39. Re7 Qxe7 40. Rxe7 Rxf2+ 0-1

[Event "La Pobla de Lillet op-A 29th"]
[Site "La Pobla de Lillet"]
[Date "2019.08.06"]
[Round "5"]
[White "Fabre Massana, Miquel"]
[Black "Picanol Alemany, Antonio"]
[Result "0-1"]
[WhiteElo "1983"]
[BlackElo "2253"]
[PlyCount "60"]
[EventDate "2019.08.02"]
[EventType "swiss"]
[EventRounds "9"]
[EventCountry "ESP"]
[SourceTitle "EXT 2020"]
[Source "ChessBase"]
[SourceDate "2019.10.17"]
[SourceVersion "1"]
[SourceVersionDate "2019.10.17"]
[SourceQuality "1"]

1. e4 e6 2. d4 d5 3. Nc3 Nf6 4. exd5 exd5 5. Nf3 Bb4 6. Bd3 0-0 7. 0-0 h6 8. h3 Nc6 9. Bf4 Bd6 10. Qd2 Bxf4 11. Qxf4 Nb4 12. Bf5 g5 13. Nxg5 Nh5 14. Bh7+ Kg7 15. Qe5+ Qf6 16. a3 Qxe5 17. dxe5 Nc6 18. Nxd5 hxg5 19. Bd3 Nxe5 20. Nxc7 Rb8 21. Rad1 Nxd3 22. Rxd3 Nf4 23. Rb3 Bf5 24. Rb5 Kg6 25. Rc5 Rbc8 26. Re1 b6 27. Rc3 f6 28. Re7 Rf7 29. Rxf7 Kxf7 30. Kf1 Rd8 0-1

[Event "Moia op 7th"]
[Site "Moia"]
[Date "2018.10.26"]
[Round "6"]
[White "Urena Casacuberta, Lluis"]
[Black "Fabre Massana, Miquel"]
[Result "1/2-1/2"]
[WhiteElo "1903"]
[BlackElo "1993"]
[PlyCount "91"]
[EventDate "2018.09.14"]
[EventType "swiss"]
[EventRounds "8"]
[EventCountry "ESP"]
[SourceTitle "CBM 189 Extra"]
[Source "ChessBase"]
[SourceDate "2019.06.03"]
[SourceVersion "1"]
[SourceVersionDate "2019.06.03"]
[SourceQuality "1"]

1. e4 c5 2. Nf3 d6 3. d4 cxd4 4. Nxd4 Nf6 5. Nc3 Nc6 6. Bg5 e6 7. Qd2 a6 8. 0-0-0 Bd7 9. h4 b5 10. Bxb5 axb5 11. Ndxb5 Qb8 12. Nxd6+ Bxd6 13. Qxd6 Qxd6 14. Rxd6 h6 15. Bxf6 gxf6 16. Rhd1 0-0-0 17. a4 Ne5 18. b3 Kc7 19. Kb2 Bc6 20. Rxd8 Rxd8 21. Rxd8 Kxd8 22. a5 f5 23. exf5 Bxg2 24. fxe6 fxe6 25. Ne2 Ke7 26. Nf4 Be4 27. c4 Kf6 28. Kc3 Kf5 29. Ne2 Bg2 30. Nd4+ Kg4 31. Nxe6 Kxh4 32. f4 Nd7 33. Kd4 Kg3 34. Ke3 h5 35. b4 h4 36. Ng5 Nf6 37. a6 Ng4+ 38. Kd4 Kxf4 39. Ne6+ Kf5 40. Nc7 h3 41. Nd5 h2 42. a7 h1Q 43. a8Q Qg1+ 44. Kc3 Qe1+ 45. Kd4 Qf2+ 46. Kc3 1/2-1/2

[Event "La Pobla de Lillet op-A 28th"]
[Site "La Pobla de Lillet"]
[Date "2018.08.01"]
[Round "1"]
[White "Fabre Massana, Miquel"]
[Black "Fernandez Cardoso, Alexey"]
[Result "0-1"]
[WhiteElo "1979"]
[BlackElo "2403"]
[PlyCount "36"]
[EventDate "2018.08.01"]
[EventType "swiss"]
[EventRounds "9"]
[EventCountry "ESP"]
[SourceTitle "CBM 185 Extra"]
[Source "ChessBase"]
[SourceDate "2018.07.29"]
[SourceVersion "1"]
[SourceVersionDate "2018.07.29"]
[SourceQuality "1"]

1. d4 d5 2. c4 c6 3. Nc3 Nf6 4. Bg5 e6 5. cxd5 exd5 6. e3 Nbd7 7. Bd3 Be7 8. Nge2 0-0 9. Ng3 h6 10. h4 Re8 11. Nf5 Nf8 12. Nxe7+ Qxe7 13. Qf3 hxg5 14. hxg5 N6h7 15. 0-0-0 Qxg5 16. Bxh7+ Nxh7 17. Rxh7 Kxh7 18. Qxf7 Re6 0-1

[Event "Montcada op-B 25th"]
[Site "Montcada"]
[Date "2017.07.01"]
[Round "7"]
[White "Martin Barcelo, Carles"]
[Black "Fabre Massana, Miquel"]
[Result "1-0"]
[WhiteElo "1871"]
[BlackElo "2078"]
[PlyCount "119"]
[EventDate "2017.06.26"]
[EventType "swiss"]
[EventRounds "9"]
[EventCountry "ESP"]
[SourceTitle "EXT 2018"]
[Source "ChessBase"]
[SourceDate "2017.10.13"]
[SourceVersion "1"]
[SourceVersionDate "2017.10.13"]
[SourceQuality "1"]

1. e4 c5 2. Nc3 Nc6 3. f4 g6 4. Nf3 Bg7 5. Bb5 d6 6. Bxc6+ bxc6 7. 0-0 Nf6 8. d3 0-0 9. Qe1 e6 10. Qh4 Nh5 11. Qxd8 Rxd8 12. e5 Bf8 13. exd6 Bxd6 14. Ne5 Bb7 15. Ne4 Be7 16. Be3 f6 17. Nc4 Rd5 18. Ncd2 Ba6 19. b3 Ng7 20. Nc3 Rd7 21. Na4 Bb5 22. Nxc5 Bxc5 23. Bxc5 Nf5 24. Rae1 Kf7 25. Ne4 h5 26. Bf2 a5 27. a4 Ba6 28. Nc5 Re7 29. Nxa6 Rxa6 30. Bc5 Rd7 31. Re4 Rd5 32. Bf2 e5 33. fxe5 Rxe5 34. Rxe5 fxe5 35. h3 Ke6 36. g4 hxg4 37. hxg4 Nd4 38. Bxd4 exd4 39. g5 Ra8 40. Rf6+ Ke5 41. Rxg6 Kf5 42. Rxc6 Kxg5 43. Rd6 Rc8 44. Rxd4 Rxc2 45. Rd5+ Kf4 46. Rxa5 Ke3 47. Rd5 Rb2 48. Rb5 Kxd3 49. a5 Kd4 50. b4 Ra2 51. Rb6 Ke3 52. a6 Kf3 53. b5 Ra1+ 54. Kh2 Ra2+ 55. Kh3 Ra1 56. Kh4 Kf4 57. Kh5 Kf5 58. Kh6 Rg1 59. a7 Ra1 60. Ra6 1-0

[Event "Montcada op-B 25th"]
[Site "Montcada"]
[Date "2017.06.28"]
[Round "3"]
[White "Fabre Massana, Miquel"]
[Black "Cabrera Marmol, Manel"]
[Result "1-0"]
[WhiteElo "2078"]
[BlackElo "1836"]
[PlyCount "53"]
[EventDate "2017.06.26"]
[EventType "swiss"]
[EventRounds "9"]
[EventCountry "ESP"]
[SourceTitle "EXT 2018"]
[Source "ChessBase"]
[SourceDate "2017.10.13"]
[SourceVersion "1"]
[SourceVersionDate "2017.10.13"]
[SourceQuality "1"]

1. e4 e5 2. d4 exd4 3. Nf3 d5 4. exd5 Bb4+ 5. c3 Qe7+ 6. Be2 dxc3 7. bxc3 Bd6 8. 0-0 Nf6 9. Bb5+ Kf8 10. Re1 Qd8 11. Bg5 c6 12. dxc6 bxc6 13. Ba4 Qc7 14. Nbd2 Bg4 15. h3 Bh5 16. Nc4 Be7 17. Qe2 Nd5 18. g4 f6 19. gxh5 Nxc3 20. Qe6 Na6 21. Bf4 Nc5 22. Bxc7 Nxe6 23. Rxe6 Kf7 24. Rae1 Bc5 25. Nd6+ Bxd6 26. Bxd6 Rhc8 27. Nd4 1-0

[Event "Montcada op-B 25th"]
[Site "Montcada"]
[Date "2017.06.26"]
[Round "1"]
[White "Fabre Massana, Miquel"]
[Black "Torralba Brosa, Marc"]
[Result "0-1"]
[WhiteElo "2078"]
[BlackElo "1852"]
[PlyCount "126"]
[EventDate "2017.06.26"]
[EventType "swiss"]
[EventRounds "9"]
[EventCountry "ESP"]
[SourceTitle "EXT 2018"]
[Source "ChessBase"]
[SourceDate "2017.10.13"]
[SourceVersion "1"]
[SourceVersionDate "2017.10.13"]
[SourceQuality "1"]

1. e4 c5 2. Nf3 Nc6 3. c3 Nf6 4. e5 Nd5 5. d4 cxd4 6. cxd4 d6 7. Nc3 Nxc3 8. bxc3 dxe5 9. d5 e4 10. dxc6 Qxd1+ 11. Kxd1 exf3 12. cxb7 Bxb7 13. Bb5+ Kd8 14. Kc2 Be4+ 15. Kb3 Rb8 16. Rd1+ Kc8 17. Kc4 e5 18. Be3 fxg2 19. a4 Bf3 20. Rd2 Be7 21. Bxa7 Ra8 22. Bb6 Kb7 23. a5 Rhd8 24. Bxd8 Rxd8 25. Rxd8 Bxd8 26. Bd7 Bh4 27. Bh3 Bxf2 28. Bxg2 Bxg2 29. Ra2 Bf1+ 30. Kd5 Be1 31. c4 Ka6 32. c5 Bh3 33. Kxe5 Bxa5 34. Kd6 Kb5 35. Rb2+ Bb4 36. Ke7 f5 37. Kd6 f4 38. Rb3 Bg2 39. Ke5 f3 40. c6 f2 41. c7 f1Q 42. c8Q Qe2+ 43. Kf4 Qe4+ 44. Kg3 Ka4 45. Rxb4+ Kxb4 46. Qf8+ Kc4 47. Qf7+ Kd3 48. Qb3+ Kd4 49. Qb2+ Kd5 50. Qxg2 Qxg2+ 51. Kxg2 Ke4 52. Kg3 Kf5 53. Kf3 Kg5 54. Kg3 h5 55. Kh3 h4 56. Kg2 Kg4 57. Kf2 Kh3 58. Kg1 g6 59. Kh1 g5 60. Kg1 g4 61. Kh1 g3 62. hxg3 hxg3 63. Kg1 g2 0-1

[Event "Vall del Tenes op 6th"]
[Site "Santa Eulalia de Roncana"]
[Date "2017.04.21"]
[Round "1"]
[White "Puigdueta Xalabarder, Antoni"]
[Black "Fabre Massana, Miquel"]
[Result "0-1"]
[WhiteElo "1523"]
[BlackElo "2078"]
[PlyCount "80"]
[EventDate "2017.04.21"]
[EventType "swiss"]
[EventRounds "8"]
[EventCountry "ESP"]
[SourceTitle "CBM 189 Extra"]
[Source "ChessBase"]
[SourceDate "2019.06.03"]
[SourceVersion "1"]
[SourceVersionDate "2019.06.03"]
[SourceQuality "1"]

1. e4 c5 2. Nf3 a6 3. d4 cxd4 4. Nxd4 e5 5. Nb3 Nf6 6. Bg5 h6 7. Bxf6 Qxf6 8. Nc3 Bb4 9. Qd3 0-0 10. 0-0-0 Bxc3 11. Qxc3 Nc6 12. f3 d6 13. Kb1 Rd8 14. Rd2 Be6 15. Bc4 Rac8 16. Bxe6 Qxe6 17. Rhd1 b5 18. a3 a5 19. Rd5 a4 20. Na5 Ne7 21. Qb4 Nxd5 22. Rxd5 Rc5 23. Nb7 Rcc8 24. Nxd8 Rxd8 25. Qxb5 Qg6 26. Qb6 Rf8 27. Qf2 f5 28. exf5 Rxf5 29. Qg3 Rg5 30. Qh4 Rxg2 31. Qe4 Qf7 32. f4 Rg1+ 33. Ka2 exf4 34. c4 Rg6 35. Rf5 Rf6 36. Rxf6 Qxf6 37. Qa8+ Qf8 38. Qxa4 f3 39. Qd1 f2 40. Qf1 Qf3 0-1

[Event "Moia op 5th"]
[Site "Moia"]
[Date "2016.10.21"]
[Round "4"]
[White "Mas Sayos, Lluis"]
[Black "Fabre Massana, Miquel"]
[Result "0-1"]
[WhiteElo "1636"]
[BlackElo "2072"]
[PlyCount "56"]
[EventDate "2016.09.23"]
[EventType "swiss"]
[EventRounds "8"]
[EventCountry "ESP"]
[SourceTitle "EXT 2018"]
[Source "ChessBase"]
[SourceDate "2017.10.13"]
[SourceVersion "1"]
[SourceVersionDate "2017.10.13"]
[SourceQuality "1"]

1. d4 Nf6 2. c4 e5 3. dxe5 Ng4 4. Nf3 Bc5 5. e3 Nc6 6. h3 Ngxe5 7. Nxe5 Nxe5 8. Be2 0-0 9. Qd5 Qe7 10. Nc3 a5 11. 0-0 Ra6 12. Ne4 Ba7 13. b3 Rg6 14. Bb2 d6 15. Kh2 Bd7 16. Ng3 Bc6 17. Qxa5 Bb6 18. Qc3 Qh4 19. Rg1 f5 20. Qe1 Ng4+ 21. Bxg4 fxg4 22. Bd4 gxh3 23. Nf5 Rxf5 24. g3 Qe4 25. Bxb6 cxb6 26. Rd1 Rh6 27. Qf1 Qg2+ 28. Rxg2 hxg2+ 0-1

[Event "Moia MC 4th"]
[Site "Moia"]
[Date "2015.11.13"]
[Round "9"]
[White "Fabre Massana, Miquel"]
[Black "Diaz Munoz, Sergi"]
[Result "1/2-1/2"]
[WhiteElo "2137"]
[BlackElo "2014"]
[PlyCount "133"]
[EventDate "2015.09.18"]
[EventType "tourn"]
[EventRounds "9"]
[EventCountry "ESP"]
[SourceTitle "EXT 2017"]
[Source "ChessBase"]
[SourceDate "2016.10.25"]
[SourceVersion "1"]
[SourceVersionDate "2016.10.25"]
[SourceQuality "1"]

1. e4 c5 2. Nf3 e6 3. d4 cxd4 4. Nxd4 Nc6 5. Nc3 Qc7 6. Be3 a6 7. Be2 Nf6 8. 0-0 Be7 9. f4 d6 10. Qe1 Nxd4 11. Bxd4 0-0 12. Bf3 e5 13. Be3 exf4 14. Bxf4 Be6 15. Kh1 Nd7 16. Nd5 Bxd5 17. exd5 Ne5 18. Rc1 Ng6 19. Be3 Bf6 20. c3 Rfe8 21. Qd2 Qe7 22. Rce1 Be5 23. g3 Rad8 24. Bg2 Qc7 25. Bh3 Rb8 26. Bg2 Bf6 27. Bd4 Bxd4 28. Qxd4 Rxe1 29. Rxe1 Ne5 30. b3 b5 31. Rc1 g6 32. c4 bxc4 33. bxc4 Rb4 34. Bf1 Qb8 35. Qc3 Nd7 36. Bd3 Rb2 37. Rc2 Rb1+ 38. Rc1 Rxc1+ 39. Qxc1 Nc5 40. Qc3 Qe8 41. Bc2 Qe2 42. Kg1 Nd7 43. Qd3 Qe1+ 44. Qf1 Qc3 45. Bd3 Ne5 46. Be2 a5 47. Qf6 Qe3+ 48. Kf1 Qc5 49. Kg2 a4 50. h4 Qe3 51. Kf1 Qc1+ 52. Kf2 Qc2 53. Ke3 Nxc4+ 54. Bxc4 Qxc4 55. Qxd6 Qxa2 56. Qb8+ Kg7 57. Qe5+ Kg8 58. d6 Qb3+ 59. Kf4 Qc4+ 60. Kf3 Qf1+ 61. Kg4 Qd1+ 62. Kf4 Qd2+ 63. Kf3 Qd3+ 64. Kg2 Qc2+ 65. Kh3 Qc1 66. Kg2 Qc2+ 67. Kh3 1/2-1/2

[Event "Moia MC 4th"]
[Site "Moia"]
[Date "2015.11.06"]
[Round "8"]
[White "Prats Rodriguez, Juan Bosco"]
[Black "Fabre Massana, Miquel"]
[Result "1-0"]
[WhiteElo "1995"]
[BlackElo "2137"]
[PlyCount "137"]
[EventDate "2015.09.18"]
[EventType "tourn"]
[EventRounds "9"]
[EventCountry "ESP"]
[SourceTitle "EXT 2017"]
[Source "ChessBase"]
[SourceDate "2016.10.25"]
[SourceVersion "1"]
[SourceVersionDate "2016.10.25"]
[SourceQuality "1"]

1. e4 e5 2. Nf3 d6 3. d4 exd4 4. Nxd4 Nf6 5. Nc3 Be7 6. Bf4 0-0 7. Qd2 Nc6 8. 0-0-0 Nxd4 9. Qxd4 Be6 10. f3 Nd7 11. Qe3 Bf6 12. g4 Be5 13. Be2 Bxf4 14. Qxf4 Qf6 15. Qg3 b5 16. f4 Bc4 17. Bf3 b4 18. Nd5 Bxd5 19. Rxd5 c6 20. e5 dxe5 21. Rxd7 Qe6 22. Rhd1 e4 23. R7d6 Qxa2 24. Bxe4 Rad8 25. Bxh7+ Kh8 26. Qd3 Qa1+ 27. Kd2 Qa5 28. Bf5 b3+ 29. c3 Rxd6 30. Qxd6 Rd8 31. Bd7 Qa2 32. Qxc6 Qxb2+ 33. Ke3 Qa3 34. Kf3 Qe7 35. Rd5 b2 36. Bf5 g6 37. Bb1 Rxd5 38. Qxd5 Qh4 39. Qd4+ Kg8 40. c4 Qh3+ 41. Ke4 Qxh2 42. Qd8+ Kh7 43. Qd4 Kg8 44. Qd8+ Kg7 45. Qd3 g5 46. c5 a5 47. Qd4+ Kg8 48. Qd8+ Kg7 49. Qd3 a4 50. Ba2 Qh1+ 51. Kd4 Qg1+ 52. Kd5 Qxg4 53. Qd4+ Kg8 54. Kd6 Qf5 55. c6 b1Q 56. Bxb1 Qxb1 57. c7 Qb7 58. Qc3 Qc8 59. Qf6 Qa6+ 60. Ke7 Qe2+ 61. Qe5 Qc2 62. Kd7 Qd3+ 63. Qd6 Qb5+ 64. Kd8 Qa5 65. Ke8 Qa8+ 66. Qd8 Qe4+ 67. Kd7+ Kg7 68. c8Q Qd5+ 69. Kc7 1-0

[Event "Barbera del Valles op 37th"]
[Site "Barbera del Valles"]
[Date "2014.07.09"]
[Round "6"]
[White "Fabre Massana, Miquel"]
[Black "Tadevosyan, Galust"]
[Result "0-1"]
[WhiteElo "2116"]
[BlackElo "1843"]
[PlyCount "98"]
[EventDate "2014.07.04"]
[EventType "swiss"]
[EventRounds "9"]
[EventCountry "ESP"]
[SourceTitle "CBM 161 Extra"]
[Source "ChessBase"]
[SourceDate "2014.08.29"]
[SourceVersion "1"]
[SourceVersionDate "2014.08.29"]
[SourceQuality "1"]

1. d4 Nf6 2. Nf3 g6 3. c4 Bg7 4. Nc3 0-0 5. e4 d6 6. Be2 e5 7. dxe5 dxe5 8. Qxd8 Rxd8 9. Bg5 Re8 10. 0-0-0 c6 11. Nxe5 Nxe4 12. Nxe4 Bxe5 13. Nd6 Bxb2+ 14. Kb1 Rxe2 15. Nxc8 Na6 16. Rd8+ Kg7 17. Rhd1 Nc5 18. Be7 Ne4 19. Bf8+ Kf6 20. Be7+ Ke6 21. Bb4 Be5 22. Re8+ Kf6 23. Be7+ Kf5 24. Rd3 Rxc8 25. Rxc8 Nc3+ 26. Rxc3 Bxc3 27. Bc5 Rb2+ 28. Kc1 Rxa2 29. Rc7 b6 30. Be3 Ke6 31. c5 Be5 32. Rc8 b5 33. f4 Kd7 34. Rf8 Bc3 35. Rxf7+ Ke6 36. Rxh7 Re2 37. Rh3 b4 38. Kb1 Rb2+ 39. Kc1 Rxg2 40. Rg3 Rxg3 41. hxg3 Kd5 42. Kc2 Bd4 43. Bc1 a5 44. Kb3 Kxc5 45. g4 Kb5 46. f5 a4+ 47. Ka2 gxf5 48. gxf5 a3 49. Bg5 Ka4 0-1

[Event "Barbera del Valles op 37th"]
[Site "Barbera del Valles"]
[Date "2014.07.05"]
[Round "2"]
[White "Fabre Massana, Miquel"]
[Black "Ventura Bolet, Alexandre"]
[Result "0-1"]
[WhiteElo "2116"]
[BlackElo "1949"]
[PlyCount "124"]
[EventDate "2014.07.04"]
[EventType "swiss"]
[EventRounds "9"]
[EventCountry "ESP"]
[SourceTitle "CBM 161 Extra"]
[Source "ChessBase"]
[SourceDate "2014.08.29"]
[SourceVersion "1"]
[SourceVersionDate "2014.08.29"]
[SourceQuality "1"]

1. e4 Nf6 2. e5 Nd5 3. c4 Nb6 4. c5 Nd5 5. Nc3 Nxc3 6. dxc3 d6 7. Bc4 Nc6 8. Nf3 e6 9. Bg5 Qd7 10. cxd6 cxd6 11. Qe2 Qc7 12. Bf4 d5 13. Bd3 Be7 14. 0-0 b6 15. Nd4 a6 16. Rac1 Bb7 17. Rfe1 h5 18. b4 b5 19. Qe3 Qd8 20. Nf3 d4 21. cxd4 Nxb4 22. Be4 Nd5 23. Qb3 Rc8 24. Rxc8 Qxc8 25. Rc1 Qd7 26. Bg5 Nf4 27. Qc2 Nd5 28. Bxe7 Qxe7 29. Qc5 Qxc5 30. Rxc5 Kd7 31. Nd2 Rc8 32. Nb3 Rxc5 33. Nxc5+ Kc8 34. Kf1 a5 35. Ke1 Bc6 36. Kd2 Kc7 37. g3 Kb6 38. a3 b4 39. axb4 Nxb4 40. Kc3 Kb5 41. f4 a4 42. Bxc6+ Nxc6 43. Ne4 a3 44. Nd6+ Ka4 45. Nxf7 Nxd4 46. Ng5 Nb3 47. Nxe6 a2 48. Nc5+ Nxc5 49. Kb2 Kb4 50. Kxa2 Kc4 51. Kb2 Kd4 52. Kc2 h4 53. gxh4 Ke4 54. h5 Kxf4 55. h6 gxh6 56. Kd2 Kxe5 57. Ke3 Kf5 58. Kf3 Ne4 59. Ke3 Ng5 60. Kf2 Kg4 61. Kg2 Ne4 62. Kh1 Kh3 0-1

[Event "Catalunya-ch Seniors 30th"]
[Site "Barcelona"]
[Date "2014.05.20"]
[Round "4"]
[White "Clotet Torrelles, Ramon"]
[Black "Fabre Massana, Miquel"]
[Result "1/2-1/2"]
[WhiteElo "2105"]
[BlackElo "2227"]
[PlyCount "39"]
[EventDate "2014.05.17"]
[EventType "swiss"]
[EventRounds "9"]
[EventCountry "ESP"]
[SourceTitle "CBM 160 Extra"]
[Source "ChessBase"]
[SourceDate "2014.07.01"]
[SourceVersion "1"]
[SourceVersionDate "2014.07.01"]
[SourceQuality "1"]

1. d4 c5 2. d5 d6 3. c4 g6 4. Nc3 Bg7 5. e4 Nf6 6. h3 0-0 7. Be2 e5 8. Be3 a6 9. Nf3 Nbd7 10. g4 Rb8 11. a4 b6 12. Nd2 Ne8 13. h4 h6 14. Nf1 Nc7 15. Qd2 Kh7 16. h5 g5 17. Ng3 Nf6 18. f3 Ng8 19. Kf2 f6 20. Rag1 1/2-1/2